|
|
|
|
| LEADER |
00000nam0a2200000 4500 |
| 001 |
278220 |
| 005 |
20231101235107.0 |
| 020 |
|
|
|a RU
|b 85-101248
|
| 035 |
|
|
|a (RuTPU)RU\TPU\book\301497
|
| 090 |
|
|
|a 278220
|
| 100 |
|
|
|a 20141209d1985 k y0rusy5003 ca
|
| 101 |
0 |
|
|a rus
|
| 102 |
|
|
|a RU
|
| 105 |
|
|
|a a z 001zy
|
| 200 |
1 |
|
|a Конструкции из ячеистых бетонов для жилых домов и технология их изготовления
|e сборник научных трудов
|f Ленинградский зональный научно-исследовательский и проектный институт типового и экспериментального проектирования жилых и общественных зданий (ЛенЗНИИЭП)
|
| 210 |
|
|
|a Ленинград
|c ЛенЗНИИЭП
|d 1985
|
| 215 |
|
|
|a 97 с.
|c ил.
|d 20 см
|
| 320 |
|
|
|a Библиография в конце статей
|
| 606 |
1 |
|
|a Бетон и железобетон ячеистый, бесцементный
|2 stltpush
|3 (RuTPU)RU\TPU\subj\28464
|9 51991
|
| 610 |
1 |
|
|a жилые дома
|
| 610 |
1 |
|
|a общественные здания
|
| 610 |
1 |
|
|a конструкции
|
| 610 |
1 |
|
|a ячеистый бетон
|
| 610 |
1 |
|
|a применение
|
| 610 |
1 |
|
|a жилищно-гражданское строительство
|
| 610 |
1 |
|
|a газобетонные блоки
|
| 610 |
1 |
|
|a осадка
|
| 610 |
1 |
|
|a несущие конструкции
|
| 610 |
1 |
|
|a мелкозернистый бетон
|
| 610 |
1 |
|
|a изготовление
|
| 675 |
|
|
|a 691.327:666.973.6
|z rus
|v 4
|
| 712 |
0 |
2 |
|a Ленинградский зональный научно-исследовательский и проектный институт типового и экспериментального проектирования жилых и общественных зданий (ЛенЗНИИЭП)
|2 stltpush
|3 (RuTPU)RU\TPU\col\10125
|
| 801 |
|
0 |
|a RU
|b RuMRKP
|c 19950704
|g psbo
|
| 801 |
|
1 |
|a RU
|b 63413507
|c 20141209
|
| 801 |
|
2 |
|a RU
|b 63413507
|c 20171227
|g RCR
|
| 942 |
|
|
|c BK
|